Statistiques concernant Anime en un mot clé

Cliquez ici pour prendre le quiz!

Statistiques générales

  • Ce quiz a été pris 2 904 fois
  • Le résultat moyen est 15 sur 32

Statistiques - réponses

HintRéponse% Correct
NinjutsuNaruto
96%
PikachuPokémon
96%
Fruit du démonOne Piece
94%
GouleTokyo Ghoul
91%
KamehamehaDragon Ball Z
90%
Le dieu de la mort aime les pommesDeath Note
89%
Bataillon d'explorationSingeki No Kyojin
85%
Koro-senseiAssassination Classroom
84%
ShinigamiBleach
71%
One ShotOne-Punch Man
68%
pianoShigatsu Wa Kimi No Uso
68%
OnizukaGTO : Great teacher Onizuka
67%
Pierre philosophaleFullMetal Alchemist
63%
MagesFairy Tail
61%
Ultra-InstinctDragon Ball Super
60%
Britanniacode geass
50%
AincradSword Art Online
50%
YatoNoragami
36%
ExodiaYu-Gi-Oh
36%
YukiMirai Nikki
26%
TaigaToradora!
21%
ImanityNo Game No Life
20%
SERNSteins;Gate
15%
Front de l'Au-Delà (SSS)Angel Beats
14%
DominateurPsycho-Pass
14%
MenmaAnohana
12%
"L'Ignorée"Another
10%
VoidGuilty Crown
6%
SenketsuKill La Kill
6%
OkazakiClannad
4%
GiftiaPlastic Memories
4%
HinamizawaHigurashi no naku koro ni
2%

Distribution des résultats

Percentile par nombre de réponses

% des personnes avec chaque résultat

Votre développement - résultats

Vous n’avez pas pris ce quiz